Entrepreneurships : ideas in action
| Main Author: | |
|---|---|
| Format: | Book |
| Published: |
Australia :
Thomson/South-Western ,
2004
|
| Edition: | 2nd ed |
| Subjects: |
MARC
| LEADER | 00000cam a2200000 7i4500 | ||
|---|---|---|---|
| 001 | 0000073746 | ||
| 005 | 20031022.0 | ||
| 020 | |a 053843600X | ||
| 090 | 0 | 0 | |a 338.040711 |b GRE |
| 100 | 1 | |a Greene, Cynthia L. | |
| 245 | 1 | 0 | |a Entrepreneurships : |b ideas in action |c Cynthia L. Greene |
| 250 | |a 2nd ed | ||
| 260 | |a Australia : |b Thomson/South-Western , |c 2004 | ||
| 300 | |a 406p. ; |c 29cm. | ||
| 650 | 0 | 0 | |a Entrepreneurship |x Study and teaching |
| 999 | |a 00159688 |b BUKU |c RUJUKAN |e PERPUSTAKAAN KOMUNITI PETALING JAYA | ||